000 00603 a2200181 4500
001 066913
003 OSt
005 20211021171034.0
008
082 _a005.55
_bG23S
100 1 _aGaur, Ajai S.
245 1 _aStatistical methods for practice and research
_cby Ajai S. Gaur and Sanjaya S. Gaur
260 _aDelhi
_bResponse
_c2006
300 _a169p.
690 _aSocial sciences--Research--Statistical methods; Social sciences--Statistical methods--Computer programs; SPSS (Computer file); SPSS for Windows
700 _aGaur, Sanjaya S.
942 _2ddc
_cBK
999 _c906
_d906